000 00421nam a22001817a 4500
003 MPLRDC
005 20220104145815.0
008 210129b ||||| |||| 00| 0 eng d
082 _a803.13 YY c.2
100 _a
245 _a日语常用二千字
_c
250 _a初版
260 _a
_b香港启明书局
_c1961
300 _b
490 _a日语自修丛书之三
650 _a
942 _cBK
_o803.13 YY c.2
999 _c51534
_d51524